000 00959nam a2200325 a 4500
001 vtls000984698
003 NLI
005 20210627101725.0
008 120214s2002 sz 000 1 ger
020 _a3312002907
039 9 _y201202141726
_zaratid
040 _aNLI
_bger
_cGLD
041 0 _ager
044 _asz
082 0 4 _a833.91
_222
100 1 _aAcklin, Jürg,
_d1945-
_9927019
245 1 0 _aDefekt :
_bRoman /
_cJürg Acklin
260 _aZürich :
_bNagel & Kimche,
_c2002
300 _a126 p. ;
_c20 cm.
650 0 _aGerman fiction
710 2 _aManas Roy Collection (National Library, Kolkata)
887 _aarati
901 _a11423
_bdate 18.5.2007
902 _aGer/MR 833.91 Ac 57 d
904 _aarati
949 _AVIRTUAITEM
_D10030
_X100
_6GXX000011423GER
942 _2ddc
_cBKS
999 _aVIRTUA40
_c807635
_d807635
999 _aVTLSSORT0080*0200*0400*0410*0440*0820*1000*2450*2600*3000*6500*7100*8520*9010*9020*9040*9992